000 00480nam a22001817a 4500
005 20230403142525.0
008 230329b |||||||| |||| 00| 0 eng d
020 _a978-9384323-34-9
041 _aeng
082 _a615.7 COB-P
100 _aCOBERT,BARTON AND BIRON ,DIERRE
_97676
245 _aPRACTICAL DRUG SAFETY -FROM A TO Z
250 _a1st ed.
260 _bJONES & BARTLETT INDIA PVT LTD.
300 _a402;P.
650 _aPHARMACY
_xB. PHARMA
_97677
942 _cBK
999 _c8249
_d8247